BUBT Library Online Catalog

Web hacking : attacks and defense. (Record no. 586)

000 -LEADER
fixed length control field 00779nam a22002657a 4500
008 - FIXED-LENGTH DATA ELEMENTS--GENERAL INFORMATION
fixed length control field 130721b xxu||||| |||| 00| 0 eng d
020 ## - INTERNATIONAL STANDARD BOOK NUMBER
International Standard Book Number 81-7758-231-3
024 ## - OTHER STANDARD IDENTIFIER
Terms of availability Available
037 ## - SOURCE OF ACQUISITION
Terms of availability Available
040 ## - CATALOGING SOURCE
Original cataloging agency MBSTU LIBRARY
Modifying agency MBSTU LIBRARY
082 ## - DEWEY DECIMAL CLASSIFICATION NUMBER
Edition number 22
Classification number 001.64404 MCW
100 ## - MAIN ENTRY--PERSONAL NAME
Personal name McClure, Stuart.
110 ## - MAIN ENTRY--CORPORATE NAME
Corporate name or jurisdiction name as entry element Saumil Shah and Shreeraj Shah.
245 ## - TITLE STATEMENT
Title Web hacking : attacks and defense.
260 ## - PUBLICATION, DISTRIBUTION, ETC. (IMPRINT)
Place of publication, distribution, etc. Delhi
Name of publisher, distributor, etc. Pearson Education.
Date of publication, distribution, etc. 2003
300 ## - PHYSICAL DESCRIPTION
Extent 24 cm.
Other physical details xxiii, 492 page
Type of unit 5
Size of unit 24 cm.
600 ## - SUBJECT ADDED ENTRY--PERSONAL NAME
Source of heading or term System networks.
650 ## - SUBJECT ADDED ENTRY--TOPICAL TERM
Source of heading or term System networks.
700 ## - ADDED ENTRY--PERSONAL NAME
Personal name McClure, Stuart.
710 ## - ADDED ENTRY--CORPORATE NAME
Corporate name or jurisdiction name as entry element Saumil Shah and Shreeraj Shah.
270 ## - ADDRESS
Address Delhi
City Delhi
Country India
365 ## - TRADE PRICE
Price amount 552.00
Unit of pricing 552.00
942 ## - ADDED ENTRY ELEMENTS (KOHA)
Source of classification or shelving scheme
Koha item type Books

No items available.

More Information About Library

Library Hours

  • Open: 9.00 am. to 9.00 pm.
  • Only Sunday: 9.00 am. to 6.00 pm.
  • Closed: Holiday

Contact to the University

Bangladesh University of Business and Technology Library

  • Mirpurl-2, 1216.
  • Phone:
  • Fax:
  • E-Mail: admin.library@bubt.edu.bd

Contact to the Library

Contact Person:

Md. Abdul Hakim Shah
Joint Librarian
PABX No:  113
Cell No: 01816332931
E-mail: official: admin.library@bubt.edu.bd
Personal: hakim.shah@bubt.edu.bd


BUBT Library

Copyright © 2021